| 000 | 01191nam2a22003011 4500 | ||
|---|---|---|---|
| 001 | 2576435 | ||
| 005 | 20250622225709.0 | ||
| 021 |
_aRU _b90-29049 |
||
| 035 | _a(NLR Aleph) 006459719 | ||
| 090 |
_a5823602 _c5823602 |
||
| 100 | _a20110316d1990 |||y0rusy50 ca | ||
| 101 | 0 | _arus | |
| 102 | _aRU | ||
| 105 | _aa z ||||| | ||
| 200 | 1 |
_aСистема АСПИД-9/Д подготовки на дискетах ПЭВМ типа ДВК данных и метаданных для информсистем АСПИД-5/ВМ и АСПИД-7/МК (версия 4.0) _fС.И. Серов |
|
| 210 |
_d1990 _aБ. м. |
||
| 215 |
_a76 с. _cил. |
||
| 320 | _aБиблиогр.: с. 65 | ||
| 461 | 0 |
_10012576345 _12001#$aМатематическое обеспечение ЕС ЭВМ$fИн-т математики АН БССР$gРедкол.: к. ф.-м. н. А.С. Метельский (гл. ред.) и др.$vВып. 87 |
|
| 700 | 1 |
_aСеров _bС.И. |
|
| 702 | 1 |
_aСеров _bС.И. _4220 |
|
| 801 | 0 |
_aRU _bNLR _gpsbo |
|
| 801 | 1 |
_aRU _bELAR _2rusmarc |
|
| 852 |
_aNLR _jDesideratum |
||
| 899 |
_aRuMoRGB _j12 87-1/22-0 |
||
| 899 |
_aRuMoRGB _j12 87-1/21-2 |
||
| 942 | _cBOOK | ||
| 980 | _aNB | ||